| 000 | 01043nam a22003137a 4500 | ||
|---|---|---|---|
| 999 |
_c200448162 _d66374 |
||
| 003 | TR-AnTOB | ||
| 005 | 20230228172458.0 | ||
| 007 | ta | ||
| 008 | 220316s2022 tu 000 0 tur d | ||
| 040 |
_aTR-AnTOB _beng _cTR-AnTOB _erda |
||
| 041 | 0 | _atur | |
| 060 |
_aWB 60 _bK18 2022 |
||
| 096 |
_aWB60 _bK18 2022 |
||
| 245 | 0 | 0 |
_aKardiyoloji vakalarıyla klinik etik / _cP. Elif Ekmekci, Banu Buruk, Aksüyek Savaş Çelebi [and sixteen others] ; editör P. Elif Ekmekci. |
| 264 | 1 |
_aAnkara : _bTOBB ETÜ Yayınları, _c2022. |
|
| 264 | 4 | _c©2022 | |
| 300 |
_a121 pages : _btables ; _c24 cm |
||
| 336 |
_atext _btxt _2rdacontent |
||
| 337 |
_aunmediated _bn _2rdamedia |
||
| 338 |
_avolume _bnc _2rdacarrier |
||
| 504 | _aBIB | ||
| 650 | 2 |
_aBioethics _95983 |
|
| 650 | 2 |
_aEthics, Clinical _9136132 |
|
| 650 | 2 |
_aCardiology _9118104 |
|
| 650 | 2 |
_aEthics, Medical _9114979 |
|
| 856 | 4 | 1 |
_ze-Book is available via TOBB ETU Institutional Repository _uhttps://hdl.handle.net/20.500.11851/8382 |
| 942 |
_2NLM _cBK |
||